Tantra : the Yoga of six / (Record no. 106916)
[ view plain ]
| 000 -LEADER | |
|---|---|
| fixed length control field | 00865nam a2200325 a 4500 |
| 001 - CONTROL NUMBER | |
| control field | vtls000102262 |
| 003 - CONTROL NUMBER IDENTIFIER | |
| control field | NLI |
| 005 - DATE AND TIME OF LATEST TRANSACTION | |
| control field | 20210601201852.0 |
| 008 - FIXED-LENGTH DATA ELEMENTS--GENERAL INFORMATION | |
| fixed length control field | 101125s1964 nyu 001 0 eng |
| 020 ## - INTERNATIONAL STANDARD BOOK NUMBER | |
| Terms of availability | USD 7.00 |
| 039 #9 - LEVEL OF BIBLIOGRAPHIC CONTROL AND CODING DETAIL [OBSOLETE] | |
| -- | 201011251138 |
| -- | VLOAD |
| 040 ## - CATALOGING SOURCE | |
| Original cataloging agency | NLI |
| Language of cataloging | eng |
| Transcribing agency | DataSoft |
| Description conventions | AACR2 |
| 041 0# - LANGUAGE CODE | |
| Language code of text/sound track or separate title | eng |
| 044 ## - COUNTRY OF PUBLISHING/PRODUCING ENTITY CODE | |
| MARC country code | nyu |
| 082 04 - DEWEY DECIMAL CLASSIFICATION NUMBER | |
| Classification number | 294.5 |
| 100 1# - MAIN ENTRY--PERSONAL NAME | |
| Personal name | Garrison, Omar V. |
| 9 (RLIN) | 176926 |
| 245 10 - TITLE STATEMENT | |
| Title | Tantra : the Yoga of six / |
| Statement of responsibility, etc. | Omar V. Garrison |
| 260 ## - PUBLICATION, DISTRIBUTION, ETC. | |
| Place of publication, distribution, etc. | New York : |
| Name of publisher, distributor, etc. | Julian Press, |
| Date of publication, distribution, etc. | 1964 |
| 300 ## - PHYSICAL DESCRIPTION | |
| Extent | xxviii, 252 p. ; |
| Dimensions | 24 cm. |
| 500 ## - GENERAL NOTE | |
| General note | Includes index |
| 650 #0 - SUBJECT ADDED ENTRY--TOPICAL TERM | |
| Topical term or geographic name entry element | Hinduism |
| 9 (RLIN) | 2835 |
| 650 #0 - SUBJECT ADDED ENTRY--TOPICAL TERM | |
| Topical term or geographic name entry element | Tantrism |
| 9 (RLIN) | 17679 |
| 650 #0 - SUBJECT ADDED ENTRY--TOPICAL TERM | |
| Topical term or geographic name entry element | Mysticism |
| 9 (RLIN) | 152504 |
| 650 #0 - SUBJECT ADDED ENTRY--TOPICAL TERM | |
| Topical term or geographic name entry element | Yoga |
| 9 (RLIN) | 297 |
| 887 ## - NON-MARC INFORMATION FIELD | |
| Content of non-MARC field | |
| 901 ## - LOCAL DATA ELEMENT A, LDA (RLIN) | |
| a | 373619 |
| b | 26.02.1965 |
| 902 ## - LOCAL DATA ELEMENT B, LDB (RLIN) | |
| a | E294.5 G193 |
| 949 ## - LOCAL PROCESSING INFORMATION (OCLC) | |
| -- | VIRTUAITEM |
| -- | 10000 |
| -- | 100 |
| 6 | PUR000373619ENG |
| 942 ## - ADDED ENTRY ELEMENTS (KOHA) | |
| Source of classification or shelving scheme | Dewey Decimal Classification |
| Koha item type | Books |
| Withdrawn status | Lost status | Damaged status | Not for loan | Collection code | Home library | Current library | Shelving location | Date acquired | Total Checkouts | Full call number | Barcode | Date last seen | Price effective from | Koha item type |
|---|---|---|---|---|---|---|---|---|---|---|---|---|---|---|
| New English | National Library of India | National Library of India | New English - Main Stack Division | E294.5 G193 | PUR000373619ENG | 01/06/2021 | 01/06/2021 | Books |
